000
00295nam a22001337a 4500
008
170401b xxu||||| |||| 00| 0 eng d
020
_a
9781884158070
041
_a
eng
080
_a
617
100
_a
8
101
_a
shm
245
_a
I HAVE A FRIEND WHO IS BLIND
_c
CARLSON, H
942
_2
udc
_c
BK
999
_c
9354
_d
9354